| 000 | 00363cam a2200145ua 4500 | ||
|---|---|---|---|
| 041 |
_ahin _h |
||
| 082 |
_a891.54 _bSAT/CH |
||
| 100 | _aSatyakam vidyalankar, . | ||
| 245 |
_aCharithra nirman / _csatyakam vidyalankar. _hTextual Documents |
||
| 260 |
_a : _bRajpal and sanch , _c1965. |
||
| 300 | _a224 ; . | ||
| 504 | _a | ||
| 942 | _cBK | ||
| 999 |
_c11947 _d11947 |
||